| 000 | 00504nam a2200133Ia 4500 | ||
|---|---|---|---|
| 008 | 231221s9999 xx 000 0 und d | ||
| 020 | _a978-1-4020-5186-9 | ||
| 041 | _aEnglish | ||
| 100 | _aArthur H.M. Van Roermund, Herman Casier, Michiel Steyaert | ||
| 245 | 0 | _aAnalog Circuit Design | |
| 260 |
_c2006 _bSpringer Netherlands _aNew York |
||
| 650 | _aCircuits and Systems; Electronics and Microelectronics, Instrumentation; Microwaves, RF and Optical Engineering; Automotive Engineering | ||
| 942 | _cEB | ||
| 999 |
_c226122 _d226122 |
||